00589nam a22001697a 450000500170000001000150001702000260003203500140005803700130007208200130008510000210009824501160011926000420023527000800027730000270035750400350038420170213153735.0 aENG-117230 a9789386062314c750.00 aEN-100762 bDBAD/PUB00a371.10241 a Pinto, Laura E.10aFrom discipline to culturally responsive engagement :cby Laura E.Pinto,b45 classroom management strategies / a New Delhi bSAGE Publications,c2017 aB1/I-1 Mohan Cooperative Industrial Area, Mathura Roadb New Delhi e110044 axxi,260p.c22 cm.(pbk) aIncludes references and index.